UM Logo
Normal view MARC view
  • Zhao, Jin.

Entry Personal Name

Number of records used in: 2

001 - CONTROL NUMBER

  • control field: 60910

003 - CONTROL NUMBER IDENTIFIER

  • control field: OSt

005 - DATE AND TIME OF LATEST TRANSACTION

  • control field: 20240912171512.0

008 - FIXED-LENGTH DATA ELEMENTS

  • fixed length control field: 240912|| aca||aabn | a|a d

040 ## - CATALOGING SOURCE

  • Original cataloging agency: OSt
  • Transcribing agency: OSt

100 ## - HEADING--PERSONAL NAME

  • Personal name: Zhao, Jin.

670 ## - SOURCE DATA FOUND

  • Source citation: Work cat.: (OSt): Zhou, Yang. author. 60909, A seasonal-trend-decomposition-based voltage-source-inverter open-circuit fault diagnosis method /, December 2022.